00920nam a22002537a 450000500170000001000130001702000220003003500130005203700160006504000120008108200130009310000260010624500850013225000190021726000410023627000490027730000340032650000500036065000210041065000500043194200220048199900190050395201440052220170124110203.0 aA-949577 c00.00a8120720024 aA-949577 bCen Lib/Ret aDPLbEN a001bAGG aAggarwal, Y.P.914513 aStatistical methods : cby Y.P.Aggarwalbconcepts, application and computation / a3rd rev.enl.ed aNew DelhibSterling Publishersc1998 bNew DelhiaL-10 Green Park Extensione110016 axxiii,387p. :c19cm(Hb)bill. aIncludes bibliographical references and index aStatistics97952 aSocial sciences -- Statistical methods922331 2ddccENh001mAGG c133048d133048 04104070aLbLd2015-07-24eCen Lib/Retg27.80l0o001 AGGpA-949577r2015-07-24 00:00:00t1v27.80w2015-07-24yENzW/d list no. 6805/23